[Event "XV Weekend B"]
[Site "Porto Sant'Elpidio ITA"]
[Date "2012.11.24"]
[Round "4"]
[White "Vannicola, Roberto"]
[Black "Lazzaro, Elisa"]
[WhiteElo "1496"]
[BlackElo "1533"]
[Result "1-0"]
[PlyCount "83"]
[EventDate "2012.11.17"]

1. c4 e5 2. Nc3 Nf6 3. Nf3 Nc6 4. d3 d5 5. cxd5 Nxd5 6. a3 Nxc3 7. bxc3 e4 8.
dxe4 Qxd1+ 9. Kxd1 Be6 10. Kc2 Bc5 11. e3 O-O-O 12. Ng5 Rde8 13. Nxe6 Rxe6 14.
f3 Rd8 15. Be2 g6 16. Rd1 Rxd1 17. Kxd1 f5 18. Bc4 Rd6+ 19. Ke2 fxe4 20. Ra2
Ne5 21. Bb3 exf3+ 22. gxf3 g5 23. Bc2 Rf6 24. Be4 Rh6 25. Bf5+ Kd8 26. Rd2+ Ke8
27. h3 Nc4 28. Rd7 Rf6 29. e4 Rxf5 30. Rxc7 Rf7 31. Rxc5 Nd6 32. Bxg5 Rg7 33.
Bf4 Nf7 34. Rc7 Rg2+ 35. Ke3 Rb2 36. Kd3 Nd8 37. Rxh7 Rb3 38. Bd6 Rb1 39. Bb4
Rd1+ 40. Ke2 Rh1 41. h4 Ne6 42. Re7+ 1-0

[Event "XV Weekend B"]
[Site "Porto Sant'Elpidio ITA"]
[Date "2012.11.25"]
[Round "5"]
[White "Marinucci, Johnny"]
[Black "Splendiani, Sandro"]
[WhiteElo "1754"]
[BlackElo "1467"]
[Result "1-0"]
[PlyCount "43"]
[EventDate "2012.11.17"]

1. c4 Nf6 2. g3 e6 3. Bg2 d5 4. cxd5 exd5 5. Nf3 Bd6 6. O-O O-O 7. b3 Bf5 8.
Bb2 c6 9. d3 Nbd7 10. Nbd2 Re8 11. Re1 h6 12. Rc1 Ne5 13. e4 dxe4 14. Nxe5 Bxe5
15. Bxe5 Rxe5 16. dxe4 Bg4 17. Qc2 Qd4 18. h3 Bh5 19. g4 Nxg4 20. hxg4 Bxg4 21.
Qc3 Qd6 22. Nc4 1-0

[Event "XV Weekend B"]
[Site "Porto Sant'Elpidio ITA"]
[Date "2012.11.25"]
[Round "5"]
[White "Marvulli, Michele"]
[Black "Fornelli, Marco"]
[WhiteElo "1443"]
[BlackElo "1618"]
[Result "0-1"]
[PlyCount "106"]
[EventDate "2012.11.17"]

1. e4 b6 2. d4 Bb7 3. Bd3 g6 4. Nc3 Bg7 5. Be3 e6 6. Qd2 h6 7. f3 d6 8. h4 Ne7
9. O-O-O Nd7 10. Kb1 a6 11. g4 c5 12. d5 e5 13. g5 h5 14. f4 exf4 15. Bxf4 Ne5
16. Bxe5 Bxe5 17. Nf3 Bg7 18. Bf1 Bc8 19. Bh3 Bxh3 20. Rxh3 Qd7 21. Rg3 O-O-O
22. Qe2 Kb7 23. e5 dxe5 24. Nxe5 Qf5 25. Nc6 Nxc6 26. dxc6+ Kxc6 27. Rf1 Qd7
28. Qf3+ Kc7 29. Qxf7 Qxf7 30. Rxf7+ Rd7 31. Nd5+ Kc6 32. Rxd7 Kxd7 33. Nxb6+
Kc6 34. Nc4 Rd8 35. Rd3 Rxd3 36. cxd3 Kd5 37. Kc2 Bd4 38. Nd2 Ke5 39. a3 Kf4
40. b4 Kg4 41. Kb3 Kxh4 42. Kc4 Be3 43. Ne4 Kg4 44. bxc5 h4 45. c6 Bb6 46. d4
Kf3 47. Kd3 h3 48. Nd2+ Kg2 49. Nc4 h2 50. Nxb6 h1=Q 51. c7 Qd1+ 52. Ke4 Qc2+
53. Ke5 Qxc7+ 0-1

[Event "XV Weekend B"]
[Site "Porto Sant'Elpidio ITA"]
[Date "2012.11.25"]
[Round "5"]
[White "Santinelli, Michele"]
[Black "Marvulli, Dario"]
[WhiteElo "1802"]
[BlackElo "1771"]
[Result "0-1"]
[PlyCount "124"]
[EventDate "2012.11.17"]

1. d4 c5 2. e3 Nf6 3. Nf3 b6 4. Bd3 Bb7 5. Nbd2 g6 6. c3 Bg7 7. O-O O-O 8. Qe2
d6 9. Re1 Nbd7 10. e4 cxd4 11. cxd4 d5 12. e5 Nh5 13. Nb3 f5 14. Ng5 Qc8 15.
Ne6 Re8 16. Nxg7 Nxg7 17. Bd2 e6 18. Rac1 Qd8 19. Bb4 Nh5 20. Bb5 a6 21. Bd3 a5
22. Bd2 Rf8 23. f4 Rf7 24. Bb5 Nf8 25. Rc3 Rc8 26. Rec1 Rfc7 27. a4 Qe7 28. g3
Ng7 29. Be3 Rxc3 30. bxc3 Ne8 31. Qa2 Nc7 32. Be2 Ba6 33. c4 dxc4 34. Bxc4 Bxc4
35. Rxc4 Rd8 36. Qc2 Nd5 37. Bd2 Qb7 38. Nc1 Nd7 39. Rc6 Kf7 40. Nd3 Qa7 41.
Bc3 Nb8 42. Rd6 Rc8 43. Rxd5 exd5 44. e6+ Kxe6 45. Qe2+ Kf7 46. Ne5+ Kg7 47.
Bb2 Qc7 48. Nf3 Qd7 49. Qe5+ Kg8 50. Qf6 Qc6 51. Qg5 Qc2 52. Qe7 Qb1+ 53. Ne1
Qe4 54. Qxe4 fxe4 55. Ba3 Rc4 56. Bd6 Nc6 57. Bc7 Rxd4 58. Bxb6 Rxa4 59. Kf2 d4
60. h4 Ra2+ 61. Kf1 d3 62. Ng2 Rxg2 0-1

[Event "XV Weekend B"]
[Site "Porto Sant'Elpidio ITA"]
[Date "2012.11.25"]
[Round "5"]
[White "Silvestri, Giorgio"]
[Black "Borzi', Rosario"]
[WhiteElo "1761"]
[BlackElo "1551"]
[Result "1-0"]
[PlyCount "83"]
[EventDate "2012.11.17"]

1. d4 Nf6 2. c4 e6 3. Nf3 Bb4+ 4. Bd2 Bxd2+ 5. Nbxd2 b6 6. e4 Bb7 7. Bd3 d6 8.
Qc2 Nc6 9. a3 Qe7 10. O-O e5 11. d5 Nb8 12. b4 c6 13. Rfe1 O-O 14. Nb3 cxd5 15.
exd5 Rc8 16. Qe2 Nbd7 17. Nbd2 Re8 18. Nd4 Qd8 19. Nb5 Nf8 20. Ne4 Nxe4 21.
Qxe4 Ng6 22. g3 Bc8 23. Qf3 Rf8 24. Bf5 Bxf5 25. Qxf5 Ne7 26. Qh3 f5 27. f4 a6
28. Nc3 exf4 29. Re6 Rc8 30. Qf1 fxg3 31. hxg3 Ng6 32. Rae1 Ne5 33. Qg2 Nxc4
34. Ne2 Qg5 35. Nf4 Qd8 36. Re7 b5 37. Rxg7+ Kxg7 38. Ne6+ Kh8 39. Nxd8 Rcxd8
40. Re7 Ne5 41. Qh1 Rd7 42. Qxh7# 1-0

[Event "XV Weekend B"]
[Site "Porto Sant'Elpidio ITA"]
[Date "2012.11.25"]
[Round "5"]
[White "Skrijely, Edin"]
[Black "Masera, Lorenzo"]
[WhiteElo "1751"]
[BlackElo "1410"]
[Result "0-1"]
[PlyCount "72"]
[EventDate "2012.11.17"]

1. e4 e5 2. f4 d6 3. Nf3 Bg4 4. Bc4 Nc6 5. Bxf7+ Kxf7 6. Ng5+ Qxg5 7. fxg5 Bxd1
8. O-O+ Ke8 9. Rxd1 Rd8 10. c3 Kd7 11. b4 Kc8 12. a4 Nce7 13. Rf1 Ng6 14. g3
Be7 15. d4 Rf8 16. Rd1 h6 17. h4 hxg5 18. hxg5 Rh5 19. Be3 Bxg5 20. Bf2 Nf6 21.
dxe5 dxe5 22. a5 Nxe4 23. Bxa7 Rf3 24. Ra2 Rxg3+ 25. Rg2 Rxg2+ 26. Kxg2 Nh4+
27. Kh3 b6 28. axb6 Nf2+ 29. Kg3 Nxd1 30. Kg4 Rh6 31. Kxg5 e4 32. Na3 e3 33.
Nc4 e2 34. Na5 e1=Q 35. b7+ Kd7 36. b8=Q Qg3# 0-1

[Event "XV Weekend B"]
[Site "Porto Sant'Elpidio ITA"]
[Date "2012.11.25"]
[Round "5"]
[White "Vannicola, Roberto"]
[Black "Agostinelli, Matteo"]
[WhiteElo "1496"]
[BlackElo "1703"]
[Result "0-1"]
[PlyCount "117"]
[EventDate "2012.11.17"]

1. c4 Nf6 2. Nc3 g6 3. g3 Bg7 4. Bg2 c6 5. Nf3 O-O 6. O-O d5 7. cxd5 cxd5 8. d4
Nc6 9. Bg5 h6 10. Bxf6 Bxf6 11. e3 b6 12. Ne1 e6 13. Nc2 Ba6 14. Re1 Bg7 15. b4
Ne7 16. b5 Bb7 17. a4 Rc8 18. Na2 e5 19. Rc1 Qd7 20. Qd2 Rc7 21. Ncb4 Rfc8 22.
Rxc7 Rxc7 23. Rc1 Rxc1+ 24. Nxc1 exd4 25. exd4 Qg4 26. Ne2 Qf5 27. Qc2 Qd7 28.
Qc3 g5 29. Nc2 a6 30. Na3 axb5 31. Nxb5 Ba6 32. Qb2 Bb7 33. Nbc3 Qc6 34. Nb5
Nf5 35. Bf1 Ba6 36. Kg2 Bxb5 37. axb5 Qc4 38. Qc3 Nxd4 39. Qxc4 dxc4 40. Nxd4
Bxd4 41. Bxc4 Kg7 42. f4 gxf4 43. gxf4 f6 44. f5 h5 45. Kf3 Kh6 46. h4 Bc3 47.
Ke4 Be1 48. Kf3 Bxh4 49. Be2 Kg5 50. Ke4 Bf2 51. Bf3 h4 52. Bh1 Kg4 53. Bf3+
Kg3 54. Bh1 h3 55. Bf3 Kh2 56. Kf4 Kg1 57. Kg4 h2 58. Kh5 h1=Q+ 59. Bxh1 0-1

[Event "XV Weekend B"]
[Site "Porto Sant'Elpidio ITA"]
[Date "2012.11.25"]
[Round "6"]
[White "Fornelli, Marco"]
[Black "Agostinelli, Matteo"]
[WhiteElo "1618"]
[BlackElo "1703"]
[Result "0-1"]
[PlyCount "102"]
[EventDate "2012.11.17"]

1. d4 d5 2. Nf3 e6 3. e3 Nf6 4. Bd3 c5 5. c3 Nc6 6. Nbd2 Be7 7. O-O Qc7 8. Qe2
O-O 9. dxc5 Bxc5 10. e4 Re8 11. e5 Nd7 12. Re1 Qb6 13. Nb3 Be7 14. Bg5 Bxg5 15.
Nxg5 g6 16. Nf3 Qc7 17. h4 h5 18. Nbd4 Nc5 19. Bc2 b6 20. Nxc6 Qxc6 21. Nd4 Qd7
22. Nb5 Ba6 23. a4 Red8 24. Rac1 d4 25. cxd4 Bxb5 26. Qxb5 Qxb5 27. axb5 Rxd4
28. g3 Rb4 29. Red1 Rxb5 30. Rb1 Rb4 31. Rd2 a5 32. b3 Ra7 33. Rd8+ Kg7 34. f4
Rd7 35. Rxd7 Nxd7 36. Rd1 Nc5 37. Rb1 Rd4 38. Rd1 Rb4 39. Rb1 Kf8 40. Kf2 Ke7
41. Ke3 Kd8 42. Bd3 Rxb3 43. Rxb3 Nxb3 44. Bb5 Nc5 45. Kd4 a4 46. Bc6 Ke7 47.
Kc4 a3 48. Kc3 b5 49. Bxb5 Ne4+ 50. Kb3 a2 51. Kxa2 Nc3+ 0-1

[Event "XV Weekend B"]
[Site "Porto Sant'Elpidio ITA"]
[Date "2012.11.25"]
[Round "6"]
[White "Lazzaro, Elisa"]
[Black "Borzi', Rosario"]
[WhiteElo "1533"]
[BlackElo "1551"]
[Result "1/2-1/2"]
[PlyCount "77"]
[EventDate "2012.11.17"]

1. e4 c6 2. d4 d5 3. Nc3 Nf6 4. e5 Ng8 5. Nf3 Bf5 6. Bd3 Bg6 7. Bxg6 hxg6 8. e6
f6 9. Qd3 f5 10. Ne5 Qd6 11. Qg3 Qxe6 12. Qxg6+ Qxg6 13. Nxg6 Rh7 14. O-O Nd7
15. Re1 O-O-O 16. Bg5 Ndf6 17. Bxf6 exf6 18. Nxf8 Rxf8 19. Ne2 g5 20. Ng3 Ne7
21. Re6 Kd7 22. Rae1 f4 23. Nf1 Nf5 24. c3 Nd6 25. Nd2 g4 26. f3 f5 27. Rg6 Re7
28. Rxe7+ Kxe7 29. h3 g3 30. b3 Nb5 31. Rg7+ Rf7 32. Rxf7+ Kxf7 33. Nb1 a6 34.
Kf1 b6 35. Ke2 Nd6 36. Kd3 b5 37. Na3 Ke6 38. Nc2 a5 39. Ne1 1/2-1/2

[Event "XV Weekend B"]
[Site "Porto Sant'Elpidio ITA"]
[Date "2012.11.25"]
[Round "6"]
[White "Marinucci, Johnny"]
[Black "Santinelli, Michele"]
[WhiteElo "1754"]
[BlackElo "1802"]
[Result "0-1"]
[PlyCount "86"]
[EventDate "2012.11.17"]

1. d4 d5 2. Bf4 e6 3. e3 c5 4. c3 Nc6 5. Nd2 Nf6 6. Bd3 c4 7. Bc2 Bd6 8. Bg5 h6
9. Bh4 g5 10. Bg3 Bxg3 11. hxg3 b5 12. Ngf3 Ng4 13. e4 Qe7 14. Qe2 Bd7 15. e5
O-O-O 16. Ng1 h5 17. f3 Nh6 18. Rxh5 Nf5 19. Rxh8 Rxh8 20. Bxf5 exf5 21. a3 f6
22. exf6 Qxf6 23. O-O-O Re8 24. Qf2 Qe7 25. f4 g4 26. Nf1 a5 27. Qc2 b4 28.
axb4 axb4 29. Qa4 bxc3 30. bxc3 Kc7 31. Qa2 Rb8 32. Ne2 Rb3 33. Re1 Ra3 34. Qb2
Na5 35. Kd1 Nb3 36. Nc1 Qd6 37. Re5 Ra1 38. Ne3 Rxc1+ 39. Ke2 Be6 40. Qa2 Ra1
41. Qc2 Nc1+ 42. Kd1 Nd3+ 43. Ke2 Ra2 0-1

[Event "XV Weekend B"]
[Site "Porto Sant'Elpidio ITA"]
[Date "2012.11.25"]
[Round "6"]
[White "Skrijely, Edin"]
[Black "Marvulli, Michele"]
[WhiteElo "1751"]
[BlackElo "1443"]
[Result "1-0"]
[PlyCount "117"]
[EventDate "2012.11.17"]

1. d4 c5 2. e3 Nf6 3. Nf3 g6 4. b3 Bg7 5. Bb2 O-O 6. Bd3 d5 7. O-O Bg4 8. Nbd2
Ne4 9. Nxe4 dxe4 10. Bxe4 Nc6 11. Qc1 f5 12. Bxc6 bxc6 13. Ne5 Bxe5 14. dxe5
Be2 15. Re1 Bh5 16. c4 e6 17. e4 f4 18. Bc3 Qg5 19. Kh1 Qe7 20. a3 Rfd8 21.
Qxf4 g5 22. Qg3 Qf7 23. f3 h6 24. Rad1 Rac8 25. h4 Qf4 26. Qxf4 gxf4 27. Rd6
Rxd6 28. exd6 Rd8 29. Rd1 Rd7 30. Be5 Bf7 31. Kh2 Kf8 32. Bxf4 h5 33. e5 Ke8
34. Bg5 Rb7 35. d7+ Rxd7 36. Rxd7 Kxd7 37. b4 cxb4 38. axb4 c5 39. bxc5 Kc6 40.
Kg3 a5 41. Kf2 Kxc5 42. Ke2 Kxc4 43. Kd2 Kb3 44. Be7 a4 45. Ke3 a3 46. Bxa3
Kxa3 47. Kf4 Kb4 48. Kg5 Kc5 49. Kf6 Be8 50. Kxe6 Bb5 51. f4 Bf1 52. g3 Bh3+
53. f5 Bg4 54. Kf6 Kd5 55. e6 Be2 56. e7 Bb5 57. Kf7 Ke5 58. f6 Kf5 59. Kg7 1-0

[Event "XV Weekend B"]
[Site "Porto Sant'Elpidio ITA"]
[Date "2012.11.25"]
[Round "6"]
[White "Splendiani, Sandro"]
[Black "Vannicola, Roberto"]
[WhiteElo "1467"]
[BlackElo "1496"]
[Result "1/2-1/2"]
[PlyCount "109"]
[EventDate "2012.11.17"]

1. d4 Nf6 2. c4 e6 3. Nf3 b6 4. a3 Bb7 5. e3 Be7 6. Nc3 O-O 7. Be2 d5 8. cxd5
exd5 9. Bd2 c5 10. dxc5 bxc5 11. Qb3 Bc6 12. Ne5 Qb6 13. Qxb6 axb6 14. Nxc6
Nxc6 15. Bf3 Rfd8 16. Rd1 Ne5 17. Be2 Ne4 18. Nxe4 dxe4 19. Bc3 Rxd1+ 20. Kxd1
Rd8+ 21. Kc2 Nc6 22. Rd1 Rxd1 23. Kxd1 Bd6 24. h3 Be5 25. Kc2 Bc7 26. Bc4 Kf8
27. Bd5 Ne7 28. Bxe4 f5 29. Bf3 g6 30. Kd3 Kf7 31. b4 Bd6 32. Kc4 Ke6 33. Kb5
cxb4 34. axb4 Bc7 35. Bd4 Nc8 36. Kc6 Bd8 37. Bd5+ Ke7 38. Bg8 h6 39. Bh7 Na7+
40. Kb7 Nb5 41. Bxg6 Nxd4 42. exd4 f4 43. Kc8 b5 44. Bd3 Bb6 45. Bxb5 Bxd4 46.
f3 Bc3 47. Kc7 Bxb4 48. Kc6 Kf6 49. Kd5 Bd2 50. Ke4 Kg5 51. Ke5 Kh4 52. Kf5 Kg3
53. Kg6 Kxg2 54. Bc6 Kxh3 55. Kxh6 1/2-1/2